| 000 | 00483nam a2200157 i 4500 | ||
|---|---|---|---|
| 001 | bg | ||
| 100 | 1 | _aBARZAKOVSKIJ, Valentin Pavlovic | |
| 245 | 0 |
_aTrudy Dimitrija Ivanoviča Mendeleeva v oblasti chimii silikatov i stekloobraznogo sostojanija / _cV.P. Barzakovskij, R.B. Dobrotin. |
|
| 260 |
_aMoskva, _c1960. |
||
| 700 | 1 | _aDOBROTIN, Roman Borisovic | |
| 040 | _cBPK | ||
| 041 | _apol | ||
| 080 | _a546:661+666:929 | ||
| 942 | _cKS | ||
| 008 | s pl f |000 0 pol | ||
| 999 |
_c25952 _d25952 |
||
| 856 |
_uhttp://koha.tu.koszalin.pl/cgi-bin/koha/opac-detail.pl?biblionumber=25952 _yKatalog online BPK |
||